FNAF fan games - Statistics

General Stats
  • This quiz has been taken 278 times
  • The average score is 4 of 12
Answer Stats
Hint Answer % Correct
A place with a cat Five Nights At Candy's
92%
A place with an Egg and only has one night One Night At Flumpty's
65%
The blue, fast hedgehog Five Nights At Sonic's
54%
A lost Disney island with Mickey related characters Five Nights At Treasure Island
54%
Has to do with a Nintendo character Five Nights At Wario's
43%
A blue train Five Nights At Thomas's
32%
Who lives in a pinnaple under the sea? Five Nights At the Krusty Krab
31%
A famous youtuber Five Nights At Markiplier's
22%
Has to do with a rat pizza place Five Nights At Chuck E, Cheese's
21%
A pony place Five Nights At Pinkie's
16%
Block game Five Nights At ROBLOX
4%
A love place Five Nights in Heaven
4%
No matching quizzes found
Score Distribution
Percent of People with Each Score
Percentile by Number Answered
Your Score History
You have not taken this quiz